| 000 | 01360nam a2200337Ia 4500 | ||
|---|---|---|---|
| 001 | ebr10039984 | ||
| 003 | CaPaEBR | ||
| 006 | m u | ||
| 007 | cr cn||||||||| | ||
| 008 | 000602s1999 dcuab sb 000 0 eng d | ||
| 010 | _z 00267776 | ||
| 020 | _z9781585760008 | ||
| 020 | _z1585760005 | ||
| 020 | _z158576003X | ||
| 040 |
_aCaPaEBR _cCaPaEBR |
||
| 035 | _a(OCoLC)551888971 | ||
| 050 | 1 | 4 |
_aQH76.5.D3 _bP76 1999eb |
| 245 | 0 | 0 |
_aProtecting Delaware's natural heritage _h[electronic resource] : _btools for biodiversity conservation. |
| 260 |
_aWashington, D.C. : _bEnvironmental Law Institute, _cc1999. |
||
| 300 |
_a149 p. : _bill., map. |
||
| 490 | 1 | _aEnvironmental Law Institute research report | |
| 504 | _aIncludes bibliographical references. | ||
| 533 |
_aElectronic reproduction. _bPalo Alto, Calif. : _cebrary, _d2011. _nAvailable via World Wide Web. _nAccess may be limited to ebrary affiliated libraries. |
||
| 650 | 0 |
_aBiodiversity conservation _zDelaware. |
|
| 650 | 0 |
_aConservation of natural resources _zDelaware. |
|
| 655 | 7 |
_aElectronic books. _2local |
|
| 710 | 2 | _aEnvironmental Law Institute. | |
| 710 | 2 | _aebrary, Inc. | |
| 830 | 0 | _aEnvironmental Law Institute research report. | |
| 856 | 4 | 0 |
_uhttp://site.ebrary.com/lib/rucke/Doc?id=10039984 _zAn electronic book accessible through the World Wide Web; click to view |
| 999 |
_c60010 _d60010 |
||